Ipswich Town Trivia - Statistics

General Stats
  • This quiz has been taken 78 times
    25 since last reset
  • The average score is 10 of 16
Answer Stats
Question Answer % Correct
Who is the current manager of Ipswich Town? Kieran McKenna
95%
What is Ipswich Town’s nickname? The {Tractor} {Boys}
95%
With which club does Ipswich Town contest the East Anglian Derby? Norwich City
90%
What is the name of Ipswich Town’s stadium? Portman Road
90%
Who is Ipswich Town's record sale, joining Chelsea for £30m in 2025? Liam Delap
85%
Who is the current captain of Ipswich Town? Sam Morsy
85%
Which manager led Ipswich Town to their only FA Cup and UEFA Cup? Bobby Robson
70%
Who are Ipswich Town's record signings, arriving respectively from Chelsea in 2024 and Aston Villa in 2025 for £20m? Omari Hutchinson
70%
Which manager guided Ipswich Town to consecutive Second Division and First Division titles in 1961 and 1962? Alf Ramsey
60%
Which Scotsman is Ipswich Town's second-highest appearance-maker and goalscorer, scoring 190 goals in 678 games across three spells? John Wark
60%
Which Ipswich Town manager became the first manager to win the Premier League Manager of the Season award without winning the league title? George Burley
55%
Who are Ipswich Town's record signings, arriving respectively from Chelsea in 2024 and Aston Villa in 2025 for £20m? Jaden Philogene
55%
Ipswich Town players featured alongside Sylvester Stallone and Pelé in which 1981 film? Escape to Victory
45%
Who scored 19 Premier League goals for newly-promoted Ipswich Town in the 2000/01 season, as they finished 5th and qualified for the UEFA Cup? Marcus Stewart
35%
Which Englishman is Ipswich Town’s record appearance-maker with 746? Mick Mills
25%
Which Englishman is Ipswich Town's record goalscorer with 218? Ray Crawford
25%
No matching quizzes found
Score Distribution
Percent of People with Each Score
Percentile by Number Answered
Your Score History
You have not taken this quiz since the last reset